|
|
|
|
| LEADER |
00000nam a2200000 a 4500 |
| 001 |
vtls001432569 |
| 003 |
SK-MaSNL |
| 005 |
20260301120956.0 |
| 008 |
251113sm y0 RU a r 0 rus |
| 020 |
|
|
|a 588812107X
|c [160,00]
|
| 035 |
|
|
|a SNK000387627
|
| 040 |
|
|
|a SNK
|b slo
|c SNK
|e AACR2
|
| 043 |
|
|
|a e-ur-ru
|
| 044 |
|
|
|a RU
|
| 072 |
|
7 |
|a 316.7
|x Sociológia kultúry. Kultúrny život
|2 konspekt
|
| 080 |
|
|
|a 316.72/.72
|2 1981
|
| 080 |
|
|
|a 323
|2 1981
|
| 080 |
|
|
|a (470+571)
|2 1981
|
| 080 |
|
|
|a (081)
|2 1981
|
| 100 |
1 |
|
|a Struve, Petr Berngardovič,
|d 1870-1944
|4 aut
|9 184851
|
| 245 |
1 |
|
|a Patriotica
|b Rossija. Rodina. Čužbina
|c P.B. Struve
|
| 260 |
|
|
|a Sankt-Peterburg
|b Russkij Christianskij gumanitarnyj institut
|c 2000
|
| 300 |
|
|
|a 349 s.
|b portrét
|c 21 cm
|
| 490 |
1 |
|
|a Iz archiva russkoj emigracii
|
| 650 |
0 |
7 |
|a intelektuálny život
|z Rusko
|2 SNK
|9 464407
|
| 650 |
0 |
7 |
|a kultúra a spoločnosť
|z Rusko
|2 SNK
|9 464408
|
| 651 |
|
7 |
|a Rusko
|2 SNK
|9 17250
|
| 655 |
|
7 |
|a zborníky
|2 SNK
|9 70165
|
| 830 |
|
0 |
|a Iz archiva russkoj emigracii
|9 296652
|
| 919 |
|
|
|a 5-88812-107-X
|
| 999 |
|
|
|c 727721
|d 729651
|
| 952 |
|
|
|t P60, <04>, [BOOK], {604}
|a SNK
|b SNK
|y VYP
|7 0
|p 17A0374246
|o snkIC 130642
|i snkV 414/2003
|0 0
|1 0
|4 0
|d 2003-02-24
|l 0
|r 2005-01-02 00:00:00
|w 2026-02-23
|